000 00467nmm a2200169Ia 4500
008 251105s9999||||xx |||||||||||||||||und||
020 _a9788499215679
041 _aspa
100 _aCentelles, Jaume
245 0 _aLa biblioteca, el corazón de la escuela
264 _a[Madrid, España] :
_bOctaedro,
_c2014
300 _a272 páginas
490 _aRosa Sensat
650 _aEducation
856 _uhttps://public.digitaliapublishing.com/a/41952
942 _cCF
999 _c92515
_d92515